000 00796nam a22002415i 4500
001 53012
003 ES-MaACL
005 20250728111235.0
007 t|
008 950908s1875 fr ||||1| fre d
040 _aCAM
_bspa
_cCAM
080 _a215
100 1 _aDraper, John William.
_945590
245 1 4 _aLes conflits de la science et de la religion /
_cpar J.W. Draper.
260 _aParis :
_bGermer Baillière,
_c1875 (
_eCoulommiers :
_fA. Moussin)
300 _aXII, 265, [2] p. ;
_c22 cm.
490 1 _aBibliothèque scientifique internationale ;
_v11
650 7 _aReligión y ciencia
_2embne
_916806
830 0 _aBibliothèque scientifique internationale ;
_v11
_9186949
852 _aES-MaACL
_jD-4849
852 _aES-MaACL
_jF-14341
999 _c53012
_d53012